| 000 | 00428nam a2200181Ia 4500 | ||
|---|---|---|---|
| 001 | 11348 | ||
| 005 | 20260306162821.0 | ||
| 008 | 260306t1973||||xx |||||||||||||| ||spa|| | ||
| 041 | _aESP | ||
| 082 |
_a985.033 _bL539 |
||
| 100 |
_aLewin, Boleslao _eAUT |
||
| 245 | 0 | _aLa insurrección de Túpac Amaru | |
| 260 | _c1973 | ||
| 300 |
_a111 páginas : _c18 cm. |
||
| 650 | _aGEN | ||
| 654 | _aCHU | ||
| 942 |
_cLIB _dJUS _fJUS _2ddc _n |
||
| 999 |
_c11348 _d11348 |
||